[Event "GBR-ch90"]
[Site "Edinburgh"]
[Date "2003.07.22"]
[Round "2.25"]
[White "Collins, Sam IRL"]
[Black "Walton, Colin"]
[Result "1-0"]
[WhiteElo "2381"]
[BlackElo "2135"]
[PlyCount "67"]
[EventDate "2003.07.21"]
[EventType "swiss"]
[EventRounds "11"]
[EventCountry "GBR"]
[SourceTitle "BritBase"]
[Source "John Saunders"]
[SourceDate "2008.07.14"]
[SourceVersion "1"]
[SourceVersionDate "2008.07.14"]
[SourceQuality "2"]

1. e4 e6 2. d4 d5 3. Nc3 Bb4 4. e5 c5 5. dxc5 Qc7 6. Nf3 Qxc5 7. Bd2 Bd7 8. Bd3
Bxc3 9. Bxc3 Bb5 10. Bd4 Qc6 11. O-O Bxd3 12. cxd3 Ne7 13. b4 b6 14. a4 O-O 15.
b5 Qb7 16. a5 Nd7 17. a6 Qc7 18. Rc1 Nc5 19. Be3 Qd7 20. Bxc5 bxc5 21. Rxc5
Rab8 22. Qa4 f6 23. Rfc1 Rfc8 24. exf6 gxf6 25. Qg4+ Kf7 26. Qf4 Ng6 27. Qe3
Rxc5 28. Rxc5 e5 29. Rxd5 Qxd5 30. Qxa7+ Ke6 31. Qxb8 Qxd3 32. Qg8+ Kd7 33.
Qxh7+ Kd6 34. h4 1-0

[Event "GBR-ch90"]
[Site "Edinburgh"]
[Date "2003.07.22"]
[Round "2.26"]
[White "Lee, Graham D"]
[Black "Dignam, Matthew P"]
[Result "1/2-1/2"]
[WhiteElo "2360"]
[BlackElo "2124"]
[PlyCount "81"]
[EventDate "2003.07.21"]
[EventType "swiss"]
[EventRounds "11"]
[EventCountry "GBR"]
[SourceTitle "BritBase"]
[Source "John Saunders"]
[SourceDate "2008.07.14"]
[SourceVersion "1"]
[SourceVersionDate "2008.07.14"]
[SourceQuality "2"]

1. e4 e6 2. d4 d5 3. e5 c5 4. c3 Nc6 5. Nf3 Qb6 6. a3 Nh6 7. b4 cxd4 8. cxd4
Nf5 9. Bb2 Be7 10. Qd3 Bd7 11. Nbd2 Rc8 12. Rc1 O-O 13. g4 Nh4 14. Nxh4 Bxh4
15. Nf3 Be7 16. Be2 Na5 17. Nd2 Bg5 18. O-O Bxd2 19. Qxd2 Nb3 20. Qe3 Nxc1 21.
Bxc1 Bb5 22. Bxb5 Qxb5 23. f4 Rc2 24. Bd2 Qb6 25. f5 f6 26. exf6 Rxf6 27. g5
Rf8 28. fxe6 Rxf1+ 29. Kxf1 Rxd2 30. e7 Qb5+ 31. Ke1 Re2+ 32. Qxe2 Qxe2+ 33.
Kxe2 Kf7 34. g6+ hxg6 35. Kf3 Kxe7 36. Kf4 Kf6 37. h4 b5 38. Kg4 Ke6 39. Kg5
Kf7 40. Kf4 Kf6 41. Kg4 1/2-1/2

[Event "GBR-ch90"]
[Site "Edinburgh"]
[Date "2003.07.22"]
[Round "2.27"]
[White "Mannion, Stephen"]
[Black "Eggleston, David"]
[Result "1-0"]
[WhiteElo "2339"]
[BlackElo "2094"]
[PlyCount "77"]
[EventDate "2003.07.21"]
[EventType "swiss"]
[EventRounds "11"]
[EventCountry "GBR"]
[SourceTitle "BritBase"]
[Source "John Saunders"]
[SourceDate "2008.07.14"]
[SourceVersion "1"]
[SourceVersionDate "2008.07.14"]
[SourceQuality "2"]

1. e4 e6 2. d4 d5 3. Nd2 Nf6 4. e5 Nfd7 5. c3 c5 6. Bd3 Nc6 7. Ne2 cxd4 8. cxd4
f6 9. exf6 Qxf6 10. Nf3 h6 11. O-O Bd6 12. Ng3 O-O 13. Bc2 Rd8 14. Re1 Nf8 15.
Ne5 Bd7 16. f4 Be8 17. Be3 Ne7 18. Qg4 a5 19. Rf1 Bg6 20. Nh5 Bxh5 21. Qxh5 Nf5
22. Bf2 Be7 23. g4 Nd6 24. Be3 Ne4 25. g5 Qf5 26. Bd1 Nd6 27. Bg4 Qe4 28. Rae1
g6 29. Qxh6 Nf5 30. Bxf5 Qxf5 31. Rf3 Bd6 32. Rh3 Bxe5 33. fxe5 Qg4+ 34. Kf2
Qf5+ 35. Kg3 Rd7 36. Qh8+ Kf7 37. Re2 Qe4 38. Rf2+ Ke7 39. Qf6+ 1-0

[Event "GBR-ch90"]
[Site "Edinburgh"]
[Date "2003.07.22"]
[Round "2.28"]
[White "Webb, Laurence"]
[Black "Eggleston, Thomas"]
[Result "1-0"]
[WhiteElo "2325"]
[BlackElo "2040"]
[PlyCount "73"]
[EventDate "2003.07.21"]
[EventType "swiss"]
[EventRounds "11"]
[EventCountry "GBR"]
[SourceTitle "BritBase"]
[Source "John Saunders"]
[SourceDate "2008.07.14"]
[SourceVersion "1"]
[SourceVersionDate "2008.07.14"]
[SourceQuality "2"]

1. e4 e6 2. d4 d5 3. e5 c5 4. c3 Nc6 5. Nf3 Bd7 6. Be2 f6 7. O-O cxd4 8. cxd4
fxe5 9. Nxe5 Nxe5 10. dxe5 Bc5 11. Bh5+ g6 12. Bg4 Ne7 13. Bh6 Qb6 14. Nc3
O-O-O 15. Bg7 Rhe8 16. Bf6 Kb8 17. Rb1 Rc8 18. Ne4 Nf5 19. Nxc5 Qxc5 20. Rc1
Qa5 21. Bxf5 gxf5 22. Qd4 Qb6 23. Qd2 Bc6 24. Rfd1 a6 25. Kh1 Rc7 26. f3 h6 27.
Bh4 Qa7 28. Bf2 b6 29. Qxh6 Kb7 30. Qe3 Rec8 31. h3 Bb5 32. b3 Rc2 33. a4 Be2
34. Rxc2 Rxc2 35. Rd2 Rc1+ 36. Kh2 Bf1 37. Rxd5 1-0

[Event "GBR-ch90"]
[Site "Edinburgh"]
[Date "2003.07.22"]
[Round "2.29"]
[White "Broomfield, Matthew"]
[Black "Howell, David W"]
[Result "0-1"]
[WhiteElo "2249"]
[BlackElo "2323"]
[PlyCount "72"]
[EventDate "2003.07.21"]
[EventType "swiss"]
[EventRounds "11"]
[EventCountry "GBR"]
[SourceTitle "BritBase"]
[Source "John Saunders"]
[SourceDate "2008.07.14"]
[SourceVersion "1"]
[SourceVersionDate "2008.07.14"]
[SourceQuality "2"]

1. Nf3 Nc6 2. d4 d5 3. c4 Bg4 4. Nc3 e6 5. e3 Bb4 6. Qa4 Bxf3 7. gxf3 Nge7 8.
Bd2 O-O 9. a3 Bxc3 10. bxc3 e5 11. cxd5 Qxd5 12. Be2 Qd6 13. Rd1 Kh8 14. dxe5
Qxe5 15. c4 a6 16. Qb3 b6 17. f4 Qe4 18. Rg1 Rad8 19. f3 Qe6 20. Kf2 Nf5 21.
Bd3 Nce7 22. Qc2 Rd7 23. Rg5 g6 24. c5 Rfd8 25. Be4 bxc5 26. Ke2 f6 27. Rg2 Nd6
28. Ke1 Nef5 29. Bc1 Nc4 30. Rxd7 Rxd7 31. Bxf5 gxf5 32. Qc3 Rd5 33. Rc2 Nb6
34. Qa5 Qg8 35. Rd2 Nc4 36. Qxa6 Qg1+ 0-1

[Event "GBR-ch90"]
[Site "Edinburgh"]
[Date "2003.07.22"]
[Round "2.32"]
[White "Grant, Jonathan"]
[Black "Buckley, Melanie"]
[Result "1-0"]
[WhiteElo "2271"]
[BlackElo "2130"]
[PlyCount "81"]
[EventDate "2003.07.21"]
[EventType "swiss"]
[EventRounds "11"]
[EventCountry "GBR"]
[SourceTitle "BritBase"]
[Source "John Saunders"]
[SourceDate "2008.07.14"]
[SourceVersion "1"]
[SourceVersionDate "2008.07.14"]
[SourceQuality "2"]

1. c4 b6 2. d4 Bb7 3. d5 e6 4. a3 g6 5. g3 Bg7 6. Bg2 Ne7 7. Nh3 exd5 8. cxd5
c5 9. O-O d6 10. e4 Na6 11. f4 Nc7 12. Nc3 O-O 13. f5 f6 14. Nf4 Qe8 15. Re1
Rd8 16. a4 a6 17. Rb1 Bc8 18. g4 b5 19. b4 cxb4 20. Rxb4 g5 21. Nh5 a5 22. Nxb5
axb4 23. Nxc7 Qf7 24. Nb5 Rfe8 25. Bd2 Nxf5 26. gxf5 Ba6 27. Nd4 Rb8 28. Nc6
Rb6 29. a5 Rb5 30. Bf1 b3 31. Bxb5 Bxb5 32. Bc3 Ba4 33. Nxg7 Kxg7 34. Kh1 Rc8
35. Qd2 Bxc6 36. Qxg5+ Kf8 37. Qh6+ Ke7 38. dxc6 Rxc6 39. Re3 b2 40. Bxb2 Rc2
41. Rc3 1-0

[Event "GBR-ch90"]
[Site "Edinburgh"]
[Date "2003.07.22"]
[Round "2.33"]
[White "Mitchell, Martin"]
[Black "Buckley, Simon T"]
[Result "1/2-1/2"]
[WhiteElo "2132"]
[BlackElo "2267"]
[PlyCount "82"]
[EventDate "2003.07.21"]
[EventType "swiss"]
[EventRounds "11"]
[EventCountry "GBR"]
[SourceTitle "BritBase"]
[Source "John Saunders"]
[SourceDate "2008.07.14"]
[SourceVersion "1"]
[SourceVersionDate "2008.07.14"]
[SourceQuality "2"]

1. d4 e6 2. c4 Nf6 3. Nc3 Bb4 4. e3 b6 5. Nge2 Ne4 6. Qc2 Nxc3 7. Nxc3 Bb7 8.
e4 O-O 9. Bd3 Qf6 10. a3 Bxc3+ 11. bxc3 d6 12. O-O c5 13. d5 Nd7 14. f4 h6 15.
Be3 b5 16. dxe6 Qxe6 17. e5 dxe5 18. Bf5 Qe7 19. Bxd7 exf4 20. Bxf4 Qxd7 21.
Rad1 Qg4 22. cxb5 Rfe8 23. h3 Qe6 24. Rf2 Rad8 25. Rxd8 Rxd8 26. Qe2 Qb3 27.
Qe7 Rd1+ 28. Kh2 Bd5 29. Rd2 Rxd2 30. Bxd2 Qa2 31. Qe3 Qc2 32. a4 Qxa4 33. Qxc5
Qe4 34. Qf2 Bc4 35. Qxa7 Qe5+ 36. Kg1 Bxb5 37. Qe3 Qh5 38. Kh2 Qd5 39. Qf2 Bc6
40. Bf4 f5 41. Qg3 Kh7 1/2-1/2

[Event "GBR-ch90"]
[Site "Edinburgh"]
[Date "2003.07.22"]
[Round "2.35"]
[White "Coleman, James"]
[Black "Gwaze, Robert"]
[Result "0-1"]
[WhiteElo "2211"]
[BlackElo "2335"]
[PlyCount "64"]
[EventDate "2003.07.21"]
[EventType "swiss"]
[EventRounds "11"]
[EventCountry "GBR"]
[SourceTitle "BritBase"]
[Source "John Saunders"]
[SourceDate "2008.07.14"]
[SourceVersion "1"]
[SourceVersionDate "2008.07.14"]
[SourceQuality "2"]

1. d4 Nf6 2. Nf3 b5 3. e3 a6 4. c4 b4 5. Nbd2 Bb7 6. Bd3 c5 7. O-O g6 8. b3 Bg7
9. Bb2 O-O 10. dxc5 a5 11. Qc2 Na6 12. Bd4 Qc7 13. Ne4 Ne8 14. Bxg7 Nxg7 15.
Nd4 f5 16. c6 dxc6 17. Ng5 Nc5 18. Be2 e5 19. Ndf3 h6 20. Nh3 g5 21. Nhxg5 hxg5
22. Nxg5 Qe7 23. Nf3 Ne4 24. Rfd1 Nc3 25. Rd2 c5 26. Ne1 Rf6 27. Bf3 e4 28. Be2
f4 29. exf4 Ne6 30. Bg4 Nd4 31. Qb2 Rxf4 32. Bh3 e3 0-1

[Event "GBR-ch90"]
[Site "Edinburgh"]
[Date "2003.07.22"]
[Round "2.37"]
[White "Simmons, Matthew"]
[Black "Meenakshi, Subbaraman"]
[Result "1/2-1/2"]
[WhiteElo "2176"]
[BlackElo "2319"]
[PlyCount "67"]
[EventDate "2003.07.21"]
[EventType "swiss"]
[EventRounds "11"]
[EventCountry "GBR"]
[SourceTitle "BritBase"]
[Source "John Saunders"]
[SourceDate "2008.07.14"]
[SourceVersion "1"]
[SourceVersionDate "2008.07.14"]
[SourceQuality "2"]

1. e4 c5 2. Nc3 Nc6 3. f4 e6 4. Nf3 d5 5. Bb5 d4 6. Bxc6+ bxc6 7. Ne2 d3 8. Ng3
Bd6 9. e5 Bc7 10. c4 Ne7 11. b3 h5 12. Ba3 Ng6 13. Ne4 Nxf4 14. O-O Bxe5 15.
Bxc5 Bc7 16. Kh1 e5 17. g3 Ne6 18. Be3 O-O 19. Nh4 Nf4 20. Rxf4 exf4 21. Qxh5
Bg4 22. Qxg4 fxe3 23. Nf5 Be5 24. Rf1 e2 25. Re1 Re8 26. h4 Bf6 27. h5 Re5 28.
Qf4 Rxf5 29. Qxf5 Qc8 30. Nxf6+ gxf6 31. Qxd3 Qh3+ 32. Kg1 Qxh5 33. Qxe2 Qg6
34. Qf3 1/2-1/2

[Event "GBR-ch90"]
[Site "Edinburgh"]
[Date "2003.07.22"]
[Round "2.38"]
[White "Taylor, Robert M"]
[Black "Muir, Andrew J"]
[Result "1-0"]
[WhiteElo "2169"]
[BlackElo "2316"]
[PlyCount "51"]
[EventDate "2003.07.21"]
[EventType "swiss"]
[EventRounds "11"]
[EventCountry "GBR"]
[SourceTitle "BritBase"]
[Source "John Saunders"]
[SourceDate "2008.07.14"]
[SourceVersion "1"]
[SourceVersionDate "2008.07.14"]
[SourceQuality "2"]

1. e4 c5 2. Nc3 Nc6 3. f4 g6 4. Nf3 Bg7 5. Bb5 Nd4 6. O-O Nxb5 7. Nxb5 d5 8. e5
a6 9. Nc3 d4 10. Ne4 b6 11. Qe2 Nh6 12. d3 O-O 13. Bd2 f6 14. h3 Bb7 15. Rae1
Qd5 16. b3 Nf7 17. f5 Nxe5 18. Nxe5 Qxe5 19. Qg4 gxf5 20. Rxf5 Qc7 21. Bh6 Rf7
22. Ng5 fxg5 23. Rxf7 Kxf7 24. Qe6+ Kf8 25. Rf1+ Ke8 26. Bxg7 1-0

[Event "GBR-ch90"]
[Site "Edinburgh"]
[Date "2003.07.22"]
[Round "2.41"]
[White "Lim Chin Lee"]
[Black "Greet, Andrew"]
[Result "0-1"]
[WhiteElo "2119"]
[BlackElo "2297"]
[PlyCount "60"]
[EventDate "2003.07.21"]
[EventType "swiss"]
[EventRounds "11"]
[EventCountry "GBR"]
[SourceTitle "BritBase"]
[Source "John Saunders"]
[SourceDate "2008.07.14"]
[SourceVersion "1"]
[SourceVersionDate "2008.07.14"]
[SourceQuality "2"]

1. d4 Nf6 2. Nf3 e6 3. c4 b6 4. e3 Bb7 5. Bd3 c5 6. O-O Be7 7. Nc3 cxd4 8. exd4
O-O 9. Bg5 h6 10. Bf4 d5 11. Rc1 Nc6 12. a3 Rc8 13. Ne2 dxc4 14. Rxc4 Nd5 15.
Be5 Nxe5 16. Nxe5 Rxc4 17. Bxc4 Bd6 18. Qd3 Qe7 19. f4 Rd8 20. Bb3 Nxf4 21.
Rxf4 Bxe5 22. Rg4 h5 23. Bc2 g6 24. Rxg6+ fxg6 25. Qxg6+ Bg7 26. Nf4 Qf6 27.
Qh7+ Kf7 28. Qxh5+ Ke7 29. Ng6+ Kd7 30. Ne5+ Kc7 0-1

[Event "GBR-ch90"]
[Site "Edinburgh"]
[Date "2003.07.22"]
[Round "2.42"]
[White "Singh, Gurpreetpal"]
[Black "Walton, Alan J"]
[Result "1-0"]
[WhiteElo "2293"]
[BlackElo "2158"]
[PlyCount "53"]
[EventDate "2003.07.21"]
[EventType "swiss"]
[EventRounds "11"]
[EventCountry "GBR"]
[SourceTitle "BritBase"]
[Source "John Saunders"]
[SourceDate "2008.07.14"]
[SourceVersion "1"]
[SourceVersionDate "2008.07.14"]
[SourceQuality "2"]

1. e4 e6 2. b3 d5 3. Bb2 dxe4 4. Nc3 Nf6 5. Qe2 Be7 6. O-O-O c5 7. Nxe4 Nc6 8.
Nf3 Nxe4 9. Qxe4 Bf6 10. d4 Qb6 11. d5 Bxb2+ 12. Kxb2 Ne7 13. dxe6 Bxe6 14. Ne5
O-O 15. Nd7 Bxd7 16. Rxd7 Qf6+ 17. Kb1 Nc6 18. Bd3 g6 19. Rxb7 Rae8 20. Qf3 Qd6
21. Bc4 Ne5 22. Qd5 Nxc4 23. Qxc4 Qc6 24. Rxa7 Qxg2 25. Rd1 Qxf2 26. a4 Qxh2
27. Rf1 1-0

[Event "GBR-ch90"]
[Site "Edinburgh"]
[Date "2003.07.22"]
[Round "2.43"]
[White "Bigg, Andrew J"]
[Black "Goodger, Martyn"]
[Result "1/2-1/2"]
[WhiteElo "2287"]
[BlackElo "2114"]
[PlyCount "55"]
[EventDate "2003.07.21"]
[EventType "swiss"]
[EventRounds "11"]
[EventCountry "GBR"]
[SourceTitle "BritBase"]
[Source "John Saunders"]
[SourceDate "2008.07.14"]
[SourceVersion "1"]
[SourceVersionDate "2008.07.14"]
[SourceQuality "2"]

1. d4 f5 2. Nf3 Nf6 3. Bg5 e6 4. Nbd2 Be7 5. Bxf6 Bxf6 6. e4 O-O 7. Bd3 d5 8.
exf5 exf5 9. O-O Nc6 10. c3 Qd6 11. Qc2 g6 12. Bb5 Bd7 13. Bxc6 Bxc6 14. Rfe1
f4 15. Ne5 Kh8 16. Ndf3 Bd7 17. Nxd7 Qxd7 18. Re2 Rae8 19. Rae1 c6 20. h3 Kg8
21. Qd3 Rxe2 22. Qxe2 Qf5 23. Kf1 Kg7 24. Nd2 Rf7 25. Qd1 Qd3+ 26. Qe2 Qf5 27.
Qd1 Qd3+ 28. Qe2 1/2-1/2

[Event "GBR-ch90"]
[Site "Edinburgh"]
[Date "2003.07.22"]
[Round "2.44"]
[White "Munson, Shaun D"]
[Black "Gourlay, Iain"]
[Result "1/2-1/2"]
[WhiteElo "2112"]
[BlackElo "2284"]
[PlyCount "140"]
[EventDate "2003.07.21"]
[EventType "swiss"]
[EventRounds "11"]
[EventCountry "GBR"]
[SourceTitle "BritBase"]
[Source "John Saunders"]
[SourceDate "2008.07.14"]
[SourceVersion "1"]
[SourceVersionDate "2008.07.14"]
[SourceQuality "2"]

1. d4 g6 2. Nc3 Bg7 3. e4 d6 4. Bg5 a6 5. f4 b5 6. Nf3 Bb7 7. Qd2 Nf6 8. e5 b4
9. exf6 bxc3 10. bxc3 exf6 11. Bh4 O-O 12. Be2 Qc8 13. O-O f5 14. Rfe1 Nd7 15.
Bc4 Be4 16. Ng5 Nf6 17. Nxe4 Nxe4 18. Qe3 c6 19. h3 d5 20. Bd3 Re8 21. Bxe4
Rxe4 22. Qd2 Rb8 23. Rab1 Bh6 24. Rxe4 fxe4 25. Rb3 Rb5 26. Bf6 Qf5 27. Bg5 Bf8
28. a4 Rxb3 29. cxb3 h6 30. Bh4 Bd6 31. Bf2 Bxf4 32. Qe2 Qh5 33. Qxh5 gxh5 34.
Kf1 Bd2 35. c4 f5 36. Ke2 Bf4 37. cxd5 cxd5 38. Be1 Bc7 39. Bd2 f4 40. Bb4 Kf7
41. Bc5 a5 42. Kd2 Kf6 43. Ke2 Bd8 44. Kf2 Be7 45. Bb6 Bb4 46. Ke2 Kf5 47. Kf2
Bc3 48. Ke2 Bb4 49. Kf2 Ke6 50. Ke2 Kd7 51. Kf2 Kc6 52. Bd8 Bc3 53. Bf6 Kd7 54.
Ke2 Ke6 55. Be5 Kf5 56. Bg7 e3 57. Kd3 e2 58. Kxe2 Ke4 59. Bxh6 Bxd4 60. Bf8
Bc3 61. Bd6 d4 62. Bc7 d3+ 63. Kf2 Bd2 64. Bd8 Bb4 65. Bf6 Bd2 66. Bd8 Bc3 67.
Bc7 Bd2 68. Bd8 Bb4 69. Bf6 Bc5+ 70. Ke1 Bb4+ 1/2-1/2

[Event "GBR-ch90"]
[Site "Edinburgh"]
[Date "2003.07.22"]
[Round "2.45"]
[White "Gilbert, Jessie L"]
[Black "Lyell, Mark"]
[Result "0-1"]
[WhiteElo "2109"]
[BlackElo "2256"]
[PlyCount "134"]
[EventDate "2003.07.21"]
[EventType "swiss"]
[EventRounds "11"]
[EventCountry "GBR"]
[SourceTitle "BritBase"]
[Source "John Saunders"]
[SourceDate "2008.07.14"]
[SourceVersion "1"]
[SourceVersionDate "2008.07.14"]
[SourceQuality "2"]

1. d4 Nc6 2. Nf3 d6 3. c4 Bg4 4. Nc3 e5 5. d5 Nb8 6. e4 Be7 7. Be2 Nd7 8. Be3
Bxf3 9. Bxf3 Bg5 10. Bxg5 Qxg5 11. Qd2 Qxd2+ 12. Kxd2 Ngf6 13. Rac1 Ke7 14. Na4
Nb6 15. Nxb6 axb6 16. a3 Nd7 17. Rc3 Rhf8 18. Bd1 f5 19. exf5 Rxf5 20. Rf3 Raf8
21. Rxf5 Rxf5 22. Ke3 Rf4 23. b3 Nf6 24. f3 b5 25. Be2 bxc4 26. bxc4 Nd7 27. g3
Rf8 28. Rc1 Nc5 29. Rc3 g5 30. Bd3 h5 31. h3 h4 32. g4 Ra8 33. Be4 Ra6 34. Bc2
Ra8 35. Bf5 Rb8 36. Bd3 b6 37. Kd2 Kf6 38. Ke3 Ke7 39. Kd2 Kd7 40. Bf5+ Kd8 41.
Bd3 Ra8 42. Bf5 Ra5 43. Bd3 Nd7 44. Rb3 Nf6 45. Be4 Ra4 46. Bd3 Nd7 47. Ke3 Ke7
48. Rc3 Kf6 49. Bf5 Nc5 50. Bc2 Ra5 51. Bd3 b5 52. cxb5 Nxd3 53. Kxd3 Rxb5 54.
Rxc7 Rxd5+ 55. Ke2 Ra5 56. Rc3 Ke6 57. Ke3 Ra6 58. Kd3 d5 59. Rb3 Kd6 60. Rc3
d4 61. Rb3 Kc5 62. Ke4 Kc4 63. Rb4+ Kc3 64. Kxe5 d3 65. Rb8 d2 66. Rc8+ Kd3 67.
Kf5 Ra5+ 0-1

[Event "GBR-ch90"]
[Site "Edinburgh"]
[Date "2003.07.22"]
[Round "2.46"]
[White "Moore, Gerald"]
[Black "Waters, Clive L"]
[Result "1-0"]
[WhiteElo "2252"]
[BlackElo "2111"]
[PlyCount "107"]
[EventDate "2003.07.21"]
[EventType "swiss"]
[EventRounds "11"]
[EventCountry "GBR"]
[SourceTitle "BritBase"]
[Source "John Saunders"]
[SourceDate "2008.07.14"]
[SourceVersion "1"]
[SourceVersionDate "2008.07.14"]
[SourceQuality "2"]

1. Nf3 Nc6 2. d4 d6 3. c4 e5 4. Nc3 Bg4 5. d5 Nce7 6. e4 Nf6 7. Be2 Ng6 8. h3
Bxf3 9. Bxf3 Be7 10. g3 O-O 11. h4 Nd7 12. Bg4 Nc5 13. Be3 Re8 14. Qe2 c6 15.
Kf1 cxd5 16. cxd5 Qa5 17. Kg2 a6 18. h5 Nf8 19. Rhb1 Qd8 20. b4 Ncd7 21. Rc1
Bg5 22. Rc2 Bxe3 23. Qxe3 Nf6 24. Bh3 N8d7 25. Rac1 Qb6 26. Qxb6 Nxb6 27. a4
Rab8 28. a5 Na8 29. f3 Nc7 30. g4 g5 31. hxg6 hxg6 32. Kg3 Kg7 33. Bf1 Rh8 34.
Na4 Na8 35. Bd3 Nd7 36. b5 axb5 37. Bxb5 Nf6 38. Rc3 Nh7 39. Rh1 f5 40. Nb6 Ng5
41. Rxh8 Rxh8 42. gxf5 gxf5 43. exf5 Kf6 44. Rc8 Rxc8 45. Nxc8 Nf7 46. Be8 Nd8
47. Nxd6 Ke7 48. Nxb7 Kxe8 49. Nxd8 Kxd8 50. a6 Ke7 51. a7 Kf7 52. d6 Nb6 53.
Kg4 Kf6 54. Kh5 1-0

[Event "GBR-ch90"]
[Site "Edinburgh"]
[Date "2003.07.22"]
[Round "2.47"]
[White "Radovanovic, Jovica"]
[Black "Rutherford, Elaine"]
[Result "1-0"]
[WhiteElo "2239"]
[BlackElo "2061"]
[PlyCount "53"]
[EventDate "2003.07.21"]
[EventType "swiss"]
[EventRounds "11"]
[EventCountry "GBR"]
[SourceTitle "BritBase"]
[Source "John Saunders"]
[SourceDate "2008.07.14"]
[SourceVersion "1"]
[SourceVersionDate "2008.07.14"]
[SourceQuality "2"]

1. e4 e5 2. Nf3 d6 3. d4 exd4 4. Nxd4 Nf6 5. Nc3 Be7 6. g3 c6 7. Bg2 O-O 8. O-O
Re8 9. h3 g6 10. Bh6 Nbd7 11. Qd2 Nf8 12. Rad1 Qa5 13. Rfe1 Ne6 14. Nd5 Qxd2
15. Nxe7+ Rxe7 16. Rxd2 Ne8 17. c4 a6 18. b3 Rb8 19. Nxe6 fxe6 20. Bg5 Rf7 21.
c5 d5 22. exd5 Nc7 23. dxc6 bxc6 24. Rd8+ Rf8 25. Rxf8+ Kxf8 26. Bf4 Rb7 27.
Bxc6 1-0

[Event "GBR-ch90"]
[Site "Edinburgh"]
[Date "2003.07.23"]
[Round "3.2"]
[White "Ahmed, Sk. Nasir"]
[Black "Summerscale, Aaron"]
[Result "0-1"]
[WhiteElo "2283"]
[BlackElo "2492"]
[PlyCount "77"]
[EventDate "2003.07.21"]
[EventType "swiss"]
[EventRounds "11"]
[EventCountry "GBR"]
[SourceTitle "BritBase"]
[Source "John Saunders"]
[SourceDate "2008.07.14"]
[SourceVersion "1"]
[SourceVersionDate "2008.07.14"]
[SourceQuality "2"]

1. e4 c6 2. d4 d5 3. exd5 cxd5 4. c4 Nf6 5. Nc3 Nc6 6. Nf3 g6 7. cxd5 Nxd5 8.
Bc4 Nb6 9. Bb3 Bg7 10. Be3 O-O 11. O-O Na5 12. Bc2 Be6 13. Be4 Nd5 14. Ng5 Nxc3
15. bxc3 Bd5 16. Qf3 Bxe4 17. Qxe4 e6 18. Rac1 Rc8 19. Qf3 Qd5 20. Qh3 h6 21.
Nf3 Qf5 22. Qxf5 gxf5 23. Rfd1 Nc4 24. Kf1 Rfd8 25. Ke2 b6 26. Nd2 Nb2 27. Rg1
e5 28. dxe5 Nd3 29. f4 Nxc1+ 30. Rxc1 f6 31. Nf3 fxe5 32. fxe5 Rc4 33. Bd4 b5
34. Rb1 a6 35. Nh4 Bxe5 36. Bxe5 Re4+ 37. Kf3 Rxe5 38. Rb2 Rc5 39. Rc2 0-1

[Event "GBR-ch90"]
[Site "Edinburgh"]
[Date "2003.07.23"]
[Round "3.3"]
[White "Vujatovic, Rajko"]
[Black "Hunt, Adam C"]
[Result "0-1"]
[WhiteElo "2265"]
[BlackElo "2395"]
[PlyCount "46"]
[EventDate "2003.07.21"]
[EventType "swiss"]
[EventRounds "11"]
[EventCountry "GBR"]
[SourceTitle "BritBase"]
[Source "John Saunders"]
[SourceDate "2008.07.14"]
[SourceVersion "1"]
[SourceVersionDate "2008.07.14"]
[SourceQuality "2"]

1. e4 c5 2. Nf3 d6 3. d4 cxd4 4. Nxd4 Nf6 5. Nc3 a6 6. Bc4 e6 7. a3 Be7 8. O-O
O-O 9. Ba2 b5 10. f4 Bb7 11. Re1 Nbd7 12. e5 dxe5 13. fxe5 Nd5 14. Nxd5 Bxd5
15. Bxd5 exd5 16. Nf5 Rc8 17. Qg4 g6 18. e6 fxe6 19. Rxe6 Bc5+ 20. Nd4 Ne5 21.
Qd1 Qh4 22. Be3 Ng4 23. Bc1 Ra8 0-1

[Event "GBR-ch90"]
[Site "Edinburgh"]
[Date "2003.07.23"]
[Round "3.4"]
[White "Conquest, Stuart"]
[Black "Arakhamia-Grant, Ketevan"]
[Result "0-1"]
[WhiteElo "2560"]
[BlackElo "2408"]
[PlyCount "68"]
[EventDate "2003.07.21"]
[EventType "swiss"]
[EventRounds "11"]
[EventCountry "GBR"]
[SourceTitle "BritBase"]
[Source "John Saunders"]
[SourceDate "2008.07.14"]
[SourceVersion "1"]
[SourceVersionDate "2008.07.14"]
[SourceQuality "2"]

1. d4 Nf6 2. c4 g6 3. Nc3 d5 4. cxd5 Nxd5 5. Bd2 Bg7 6. e4 Nb6 7. Be3 O-O 8.
Bb5 Be6 9. Nf3 Nc4 10. Bxc4 Bxc4 11. h4 Nd7 12. h5 c5 13. d5 f5 14. hxg6 hxg6
15. Bh6 Bxc3+ 16. bxc3 fxe4 17. Bxf8 exf3 18. Qxf3 Nxf8 19. Rd1 Qd6 20. Qe4 b5
21. f4 Rd8 22. Kf2 Bxd5 23. Qe3 Qe6 24. Qg3 Rd6 25. Rhe1 Qf6 26. Kg1 Bxa2 27.
f5 Bc4 28. fxg6 Nxg6 29. Qe3 Rxd1 30. Rxd1 Nf4 31. Rd8+ Kf7 32. Rd2 Nd5 33.
Qxc5 Qf1+ 34. Kh2 Qf4+ 0-1

[Event "GBR-ch90"]
[Site "Edinburgh"]
[Date "2003.07.23"]
[Round "3.5"]
[White "Rowson, Jonathan"]
[Black "Ramaswamy, Aarthie"]
[Result "1-0"]
[WhiteElo "2536"]
[BlackElo "2316"]
[PlyCount "85"]
[EventDate "2003.07.21"]
[EventType "swiss"]
[EventRounds "11"]
[EventCountry "GBR"]
[SourceTitle "BritBase"]
[Source "John Saunders"]
[SourceDate "2008.07.14"]
[SourceVersion "1"]
[SourceVersionDate "2008.07.14"]
[SourceQuality "2"]

1. e4 c5 2. Nf3 Nc6 3. Bb5 g6 4. Bxc6 dxc6 5. d3 Bg7 6. h3 Nf6 7. Nc3 Nd7 8.
Be3 e5 9. Qd2 Qe7 10. Bh6 Bxh6 11. Qxh6 f6 12. Nd2 Nf8 13. f4 exf4 14. O-O Be6
15. Rae1 Nd7 16. Nd5 cxd5 17. exd5 Ne5 18. dxe6 g5 19. h4 Ng6 20. Ne4 gxh4 21.
Qh5 O-O 22. Nc3 Rae8 23. Kh1 f5 24. Qf3 Kh8 25. Nd5 Qd6 26. Nxf4 Nxf4 27. Qxf4
Rxe6 28. Qxd6 Rxd6 29. Re7 f4 30. Rxb7 h3 31. g3 f3 32. Re7 h2 33. Re3 Rdf6 34.
Kxh2 Rh6+ 35. Kg1 Rhf6 36. b3 Kg7 37. Rf2 Kg6 38. Rh2 h5 39. Kf2 Kg5 40. Re5+
Rf5 41. Rxf5+ Rxf5 42. Rh4 a6 43. Re4 1-0